| 000 | 00522nam a2200217Ia 4500 | ||
|---|---|---|---|
| 001 | 13089 | ||
| 003 | GE_BSU | ||
| 008 | 181216s||||||||xx |||||||||||||| ||und|| | ||
| 020 | _a0241141605 | ||
| 040 | _cGE_BSU | ||
| 080 | _a821.111-3 | ||
| 100 | _aParetsky,Sara. | ||
| 245 | _aTotal Recall. | ||
| 245 | _bAvi Warshavski novel. | ||
| 260 | _aLondon. | ||
| 260 | _bHamish Hamilton an imprint of pencuin book. | ||
| 260 | _c2001 | ||
| 300 | _a414p;22cm. | ||
| 653 | _aTotal Recall:Avi Warshavski novel. | ||
| 942 | _cBK | ||
| 999 |
_c46256 _d46256 |
||